Co je a čím se zabýva Čs.-americká ekonomická rada.

Hlavným cieľom tohto orgánu je povzbudzovať a uľahčovať obchodnú a investičnú činnosť medzi ČSFR a USA a prispievať k rozvoju súkromného sektora a trhového hospodárstva v ČSFR. Rada má americkú a československú sekciu. Spolupracuje s vládami ČSFR a USA a snaží sa o zdokonalenie zákonodárneho rámca v...

Descripción completa

Guardado en:
Detalles Bibliográficos
Formato: Capítulo de libro
Lenguaje:checo
Materias:
Etiquetas: Agregar Etiqueta
Sin Etiquetas, Sea el primero en etiquetar este registro!

MARC

LEADER 00000naa a2200000 4500
001 r007935
005 20220831083532.8
041 0 |a cze 
044 |a [CS] 
245 1 0 |a Co je a čím se zabýva Čs.-americká ekonomická rada. 
520 |a Hlavným cieľom tohto orgánu je povzbudzovať a uľahčovať obchodnú a investičnú činnosť medzi ČSFR a USA a prispievať k rozvoju súkromného sektora a trhového hospodárstva v ČSFR. Rada má americkú a československú sekciu. Spolupracuje s vládami ČSFR a USA a snaží sa o zdokonalenie zákonodárneho rámca vzájomných vzťahov. Strategické ciele Rady a výhody členstva. 
610 2 0 |a ČSFR 
610 2 0 |a USA 
610 2 0 |a obchod zahraničný 
610 2 0 |a investície zahraničné 
610 2 0 |a vzťahy hospodárske vonkajšie 
610 2 0 |a rozvoj hospodársky 
610 2 0 |a hospodárstvo trhové 
610 2 0 |a stratégia hospodárska 
610 2 0 |a organizácie ekonomické medzinárodné